Trendy v maloobchode
Smerovanie maloobchodného trhu v oblasti rýchloobrátkového tovaru. Súčasné európske a globálne trendy v maloobchode. Analýza značkových výrobkov na trhu rýchloobrátkového tovaru. Spotrebiteľské a nákupné trendy. Diferenciácia.
Gespeichert in:
| 1. Verfasser: | |
|---|---|
| Format: | Buchkapitel |
| Sprache: | Slowakisch |
| Schlagworte: | |
| Tags: |
Keine Tags, Fügen Sie das erste Tag hinzu!
|
MARC
| LEADER | 00000naa$a2200000$$$4500 | ||
|---|---|---|---|
| 001 | 0054140 | ||
| 005 | 20231108141733.5 | ||
| 041 | 0 | |a slo | |
| 044 | |a SK | ||
| 245 | 1 | 0 | |a Trendy v maloobchode |c Richard Krejčí |
| 520 | |a Smerovanie maloobchodného trhu v oblasti rýchloobrátkového tovaru. Súčasné európske a globálne trendy v maloobchode. Analýza značkových výrobkov na trhu rýchloobrátkového tovaru. Spotrebiteľské a nákupné trendy. Diferenciácia. | ||
| 610 | 2 | 0 | |a maloobchod |
| 610 | 2 | 0 | |a spotrebitelia |
| 610 | 2 | 0 | |a tovar |
| 610 | 2 | 0 | |a výrobky značkové |
| 610 | 2 | 0 | |a ceny spotrebiteľské |
| 610 | 2 | 0 | |a ceny |
| 100 | 1 | |a Krejčí, Richard | |